00405nam a2200181Ia 4500003000400000005001700004008004100021020001400062040000700076041000800083082001600091100001700107245003600124250000600160260002800166300001600194365001300210OSt20230420162105.0210423s2009 xx 000 0 und d a415280184 cAL aeng a401.41 ELAK aELAM (Keir). aSemiotics of theatre and drama. a2 aLondonbRoutledgec2009 axii,260bPB b275cINR